|
|
|
|
| LEADER |
00000nab a2200000 a 4500 |
| 001 |
vtls000882365 |
| 003 |
SK-MaSNL |
| 005 |
20260303214350.0 |
| 008 |
140328c2004 xo 0 slo |
| 015 |
|
|
|a SNBRB2004/08-23202
|
| 035 |
|
|
|a CLN000233855
|
| 040 |
|
|
|a SNKBUCL
|b slo
|c SNKBUCL
|e AACR2
|
| 041 |
0 |
|
|a slo
|
| 044 |
|
|
|a xo
|c SK
|
| 080 |
|
|
|a 502.4(437.6)
|2 1997
|
| 080 |
|
|
|a 502.3(437.6)
|2 1997
|
| 100 |
1 |
|
|a Bačkor, Peter
|4 aut
|9 331432
|
| 245 |
1 |
0 |
|a Činnosť strážnej služby v roku 2003 v Národnom parku Nízke Tatry
|c Peter Bačkor
|
| 300 |
|
|
|b Fotogr.
|
| 650 |
0 |
7 |
|a strážcovia prírody
|2 snkbucl
|9 29828
|
| 650 |
0 |
7 |
|a služba strážna
|y 2003
|2 snkbucl
|9 873985
|
| 651 |
|
7 |
|a Národný park Nízke Tatry (Slovensko)
|2 SNKPHgeo
|9 14155
|
| 655 |
|
7 |
|a články z novín a časopisov
|2 snkbucl
|9 267496
|
| 773 |
0 |
|
|t Chránené územia Slovenska
|g Č. 60 (2004), s. 21-23
|x 1335-1737
|
| 850 |
|
|
|a Slovenská národná knižnica v Martine
|
| 852 |
|
|
|a SNK
|b KIS3GCP
|
| 992 |
|
|
|a RBX
|
| 999 |
|
|
|c 2216666
|d 2218596
|